000 00397 a2200157 4500
001 156902
020 _a9788566653175
040 _cEscola São Tomás de Aquino
100 _aCOELHO, Ronaldo Simões
240 1 0 _aO lobisomem que quase morreu de medo
_lpor
245 1 0 _aO lobisomem que quase morreu de medo
300 _a28
362 0 _a2013
697 _a*LITERATURA INFANTO
942 _cBK
999 _c156902
_d156902